| 000 | 00505nam a2200169Ia 4500 | ||
|---|---|---|---|
| 008 | 220204s9999 xx 000 0 und d | ||
| 082 |
_a678:62 _bROS |
||
| 100 | _aRosen, Stephen L | ||
| 245 | 0 | _aFundamental principles of polymeric materials for practicing engineers | |
| 260 |
_aNew York _bBarnes and Noble _c1873 |
||
| 490 | _aProfessional Engineering career development series | ||
| 650 | _aAdhesives | ||
| 650 | _aFiber processing | ||
| 650 | _aPaints | ||
| 650 | _aSterioisomerism | ||
| 942 | _cBK | ||
| 999 |
_c24941 _d24941 |
||